1619 1032 1493 1959 1063 1298 1860 1825 1031 1268 1332 1816 1601 1063 1789 1806 1692 1149 1046 1558 1066 1444 1841 1499 1417 1695 1606 1862 1347 1801 1585 1544 1446 1461 1802 1601 1875 1795 1313 1587 1060 1480 1793 1875 1266 1277 1281 1128 1514 1218 1607 1184 1865 1196 1273 1909 1066 1000 1731 1000 1549 1849 1097 1557 1566 1928 1596 1655 1091 1639 1635 1697 1937 1561 1572 1664 1839 1953 1489 1548 1285 1227 1588 1341 1733 1042 1528 1069 1437 1131 1192 1131 1308 1968 1593 1853 1992 1760 1963 BCNSPRNW ULIB Ver.6.0+V

เปลี่ยนเป็นภาษาไทย

Change to English
 แสดงรายละเอียดบรรณานุกรม
  กลับหน้าหลัก

Brief Record : Get Marc (ISO 2709) : E-mail record : QR code < ปิดหน้าต่าง
LEADER : 00000nam 2200000uu 4500
001    13399121294
003     ULIB
008    121114s2548||||th 000 0 tha d
020    ^a9746145444
050 00 ^aPE1127.M4^bส719ภ ล.3 2548
110 2  ^aมหาวิทยาลัยสุโขทัยธรรมาธิราช. ^bสาขาวิชาศิลปศาสตร์
245 10 ^aภาษาอังกฤษสำหรับบุคลากรสาธารณสุข หน่วยที่ 11-15= English for health personnel /^cสาขาวิชาศิลปศาสตร์มหาวิทยาลัยสุโขทัยธรรมาธิราช
246 31 ^aEnglish for health personnel
250    ^aพิมพ์ครั้งที่ 5
260    ^aกรุงเทพ :^bมหาวิทยาลัยสุโขทัยธรรมาธิราช,^c2548
300    ^a(10), 317 หน้า :^bภาพประกอบ, ตาราง
440  0 ^aเอกสารการสอนชุดวิชา ;^v11306
505 0  ^aล.3 หน่วยที่ 11-15
650  7 ^aภาษาอังกฤษ^xการใช้ภาษา
650  7 ^aบุคลากรสาธารณสุข
945    ^p0^l0^i24399
995    ^aกัณชพร
999 ^a กัณชพร
รายการนี้ยังไม่มีแท็ก
คุณยังไม่ได้ล็อกอิน คุณสามารถมีกิจกรรมร่วมกับเว็บไซต์ได้ แต่ต้องล็อกอินก่อน ::
  ล็อกอิน

รายการสื่อสารสนเทศ

ลำดับที่ ประเภท เลขเรียก/บาร์โค้ด สถานที่ สถานะ
1. วิทยาศาสตร์การแพทย์ และสุขภาพ
วิทยาศาสตร์การแพทย์ และสุขภาพ
PE1127.M4 ส719ภ ล.3 2548  
  Barcode: 24399
ห้องสมุดวิทยาเขตสวรรค์ประชารักษ์
►ส่วนจัดเก็บหนังสือเก่า สปร
บนชั้น
  ขอยืม

รายการใกล้เคียง
    หัวเรื่อง [ภาษาอังกฤษ การใช้ภาษา]
    หัวเรื่อง [บุคลากรสาธารณสุข]

BibComment


ยังไม่เคยถูกคอมเมนท์

คอมเมนท์ทรัพยากรรายการนี้
  คอมเมนท์: ภาษาอังกฤษสำหรับ..


 Copyright 2026. Bcnsprnw @Library